[Event "USA-chT Amateur West"]
[Site "San Pedro"]
[Date "2007.02.19"]
[Round "5"]
[White "Peters, Jack"]
[Black "Zimbeck, David"]
[Result "1/2-1/2"]
[WhiteElo "2430"]
[BlackElo "2185"]
[PlyCount "106"]
[EventDate "2007.02.17"]
[EventType "team-swiss"]
[EventRounds "6"]
[EventCountry "USA"]
[SourceTitle "EXT 2014"]
[Source "ChessBase"]
[SourceDate "2013.11.20"]
[SourceVersion "1"]
[SourceVersionDate "2013.11.20"]
[SourceQuality "1"]

1. e4 b6 2. d4 Bb7 3. Bd3 e6 4. Nf3 Ne7 5. 0-0 g6 6. e5 Bg7 7. Nc3 d6 8. Ne4 dxe5 9. dxe5 Nd7 10. Bf4 h6 11. h4 Nc6 12. Bb5 a6 13. Bxc6 Bxc6 14. Qe2 0-0 15. Rad1 Qe7 16. Qe3 Kh7 17. Rd4 Rfd8 18. Rfd1 Bxe4 19. Qxe4 Nc5 20. Qe3 Nb7 21. h5 Rxd4 22. Rxd4 Rd8 23. hxg6+ fxg6 24. Bg3 Rxd4 25. Qxd4 Qc5 26. Qe4 Qd5 27. Qxd5 exd5 28. e6 Kg8 29. Bxc7 Bxb2 30. Nh4 Kg7 31. e7 Kf7 32. Nxg6 b5 33. Nf4 Kxe7 34. Nxd5+ Ke6 35. Nf4+ Kd7 36. Nd3 Kxc7 37. Nxb2 Kc6 38. f3 Kc5 39. c3 b4 40. Nd3+ Kc4 41. Nxb4 a5 42. Nc6 a4 43. f4 Kxc3 44. f5 Nd6 45. f6 Kb2 46. Nb4 Ka3 47. Nd5 Kxa2 48. Nc3+ Kb3 49. Nxa4 Kxa4 50. Kh2 Kb5 51. Kh3 Ne4 52. Kh4 Nxf6 53. g4 Nxg4 1/2-1/2

[Event "World op 34th"]
[Site "Philadelphia"]
[Date "2006.06.30"]
[Round "3"]
[White "Harris, David"]
[Black "Zimbeck, David"]
[Result "1-0"]
[WhiteElo "2173"]
[BlackElo "2199"]
[PlyCount "51"]
[EventDate "2006.06.28"]
[EventType "swiss"]
[EventRounds "9"]
[EventCountry "USA"]
[SourceTitle "CBM 112 Extra"]
[Source "ChessBase"]
[SourceDate "2006.07.14"]
[SourceVersion "1"]
[SourceVersionDate "2006.07.14"]
[SourceQuality "1"]

1. c4 e5 2. Nc3 Nc6 3. g3 f5 4. Bg2 Nf6 5. d3 Be7 6. e3 0-0 7. Nge2 Qe8 8. 0-0 d6 9. f4 h5 10. e4 h4 11. fxe5 dxe5 12. exf5 Qh5 13. Bf3 Ng4 14. Nf4 Qxf5 15. Bd5+ Rf7 16. Nh3 Bc5+ 17. Kh1 Bf2 18. Bxf7+ Qxf7 19. gxh4 Nb4 20. Ne4 Nxd3 21. Qxd3 Bd7 22. Nhg5 Qf5 23. h3 Bc6 24. hxg4 Qf8 25. Be3 Rd8 26. Rxf2 1-0

[Event "Southern California op 27th"]
[Site "Los Angeles"]
[Date "2005.09.04"]
[Round "4"]
[White "Theissl Pokorna, Regina"]
[Black "Zimbeck, David"]
[Result "1-0"]
[WhiteElo "2377"]
[BlackElo "2159"]
[PlyCount "92"]
[EventDate "2005.09.03"]
[EventType "swiss"]
[EventRounds "8"]
[EventCountry "USA"]
[SourceTitle "CBM 108 Extra"]
[Source "ChessBase"]
[SourceDate "2005.11.04"]
[SourceVersion "1"]
[SourceVersionDate "2005.11.04"]
[SourceQuality "1"]

1. e4 d5 2. exd5 Nf6 3. Bb5+ Nbd7 4. Nc3 a6 5. Be2 Nb6 6. d4 Nbxd5 7. Nxd5 Qxd5 8. Nf3 Bg4 9. 0-0 e6 10. Be3 Bd6 11. Re1 0-0-0 12. c4 Qf5 13. Qb3 Qh5 14. h3 Bxh3 15. gxh3 Qxh3 16. Bf1 Qxf3 17. Bg2 Qg4 18. Qxb7+ Kd7 19. Qxa6 Ke8 20. Qc6+ Kf8 21. Qf3 Qg6 22. a4 h5 23. a5 h4 24. Qh3 Ne4 25. a6 f5 26. a7 Kf7 27. Ra6 c5 28. dxc5 Be5 29. Rb6 f4 30. Bxf4 Bxf4 31. Qf3 h3 32. Qxf4+ Nf6 33. Rb7+ Kg8 34. Qg3 Qxg3 35. fxg3 hxg2 36. Rb8 Kf7 37. a8Q Rxb8 38. Qxg2 Rh5 39. Qe2 Rxc5 40. Qxe6+ Kg6 41. Qd6 Rbc8 42. b3 Rh5 43. b4 Rch8 44. Qd3+ Kf7 45. Qf3 g5 46. Rf1 R8h6 1-0

[Event "Minneapolis HB Global op"]
[Site "Minneapolis"]
[Date "2005.05.18"]
[Round "1"]
[White "Shulman, Yuri"]
[Black "Zimbeck, David"]
[Result "1-0"]
[WhiteElo "2550"]
[BlackElo "2159"]
[PlyCount "41"]
[EventDate "2005.05.18"]
[EventType "swiss"]
[EventRounds "9"]
[EventCountry "USA"]
[SourceTitle "CBM 107"]
[Source "ChessBase"]
[SourceDate "2005.08.01"]
[SourceVersion "1"]
[SourceVersionDate "2005.08.01"]
[SourceQuality "1"]

1. d4 Nc6 2. Nf3 d6 3. e4 Bg4 4. Be2 e6 5. c4 d5 6. cxd5 exd5 7. exd5 Qxd5 8. Nc3 Qh5 9. d5 0-0-0 10. Qa4 Ne5 11. Nxe5 Bxe2 12. Bf4 Ba6 13. g4 Qh3 14. 0-0-0 Nh6 15. Nc6 Bc5 16. Qa5 Bb6 17. Nxa7+ Kd7 18. Qa4+ Ke7 19. d6+ cxd6 20. Rhe1+ Kf6 21. Nd5+ 1-0

[Event "USA-chT Amateur West"]
[Site "Norwalk"]
[Date "2005.02.19"]
[Round "2"]
[White "Zimbeck, David"]
[Black "Peters, Jack"]
[Result "1-0"]
[WhiteElo "2159"]
[BlackElo "2430"]
[PlyCount "129"]
[EventDate "2005.02.19"]
[EventType "team"]
[EventRounds "6"]
[EventCountry "USA"]
[SourceTitle "EXT 2014"]
[Source "ChessBase"]
[SourceDate "2013.11.20"]
[SourceVersion "1"]
[SourceVersionDate "2013.11.20"]
[SourceQuality "1"]

1. e4 c5 2. Nf3 Nc6 3. Nc3 e6 4. Bc4 a6 5. a4 Nf6 6. Qe2 d6 7. d3 Be7 8. g4 d5 9. Bb3 dxe4 10. dxe4 Nxg4 11. Rg1 Nge5 12. Nxe5 Nxe5 13. Rxg7 Bf6 14. Rg3 Qc7 15. Bg5 Bxg5 16. Rxg5 h6 17. Rh5 Bd7 18. Qe3 c4 19. Ba2 0-0-0 20. 0-0-0 Kb8 21. h3 Ng6 22. Rxh6 Rxh6 23. Qxh6 Qf4+ 24. Qxf4+ Nxf4 25. h4 Kc7 26. Bxc4 Rh8 27. Rh1 Rh5 28. b3 Ng6 29. Be2 Rxh4 30. Rxh4 Nxh4 31. Kd2 Kd6 32. Bf1 Ke5 33. Ke3 Ng6 34. Ne2 f6 35. f4+ Kd6 36. Bh3 a5 37. Bxe6 Bxe6 38. f5 Bf7 39. fxg6 Bxg6 40. Nf4 Be8 41. Kd4 b5 42. axb5 Bxb5 43. Nd5 Be2 44. Nxf6 Bd1 45. Kd3 Ke5 46. Nd5 Bf3 47. Nc3 Bh5 48. Kc4 Bf7+ 49. Kb5 Kd4 50. Na4 Bg6 51. Kxa5 Bxe4 52. c4 Bc2 53. Kb4 Ke5 54. Kc3 Bd1 55. Nb2 Bg4 56. b4 Be2 57. b5 Kd6 58. Kb4 Kc7 59. c5 Bf1 60. Nc4 Be2 61. b6+ Kb7 62. Kb5 Bf1 63. c6+ Kb8 64. Kc5 Bh3 65. Nd6 1-0

[Event "Western Pacific op 2nd"]
[Site "Burbank"]
[Date "2004.04.04"]
[Round "4"]
[White "Zimbeck, David"]
[Black "Salinas, Chad"]
[Result "1/2-1/2"]
[WhiteElo "2197"]
[BlackElo "1908"]
[PlyCount "101"]
[EventDate "2004.04.02"]
[EventType "swiss"]
[EventRounds "5"]
[EventCountry "USA"]
[SourceTitle "CBM 099 Extra"]
[Source "ChessBase"]
[SourceDate "2004.05.04"]
[SourceVersion "1"]
[SourceVersionDate "2004.05.04"]
[SourceQuality "1"]

1. e4 e6 2. d4 d5 3. e5 c5 4. c3 Nc6 5. Nf3 Qb6 6. Bd3 Bd7 7. 0-0 cxd4 8. cxd4 Nxd4 9. Nxd4 Qxd4 10. Qe2 Qb6 11. Kh1 Bc5 12. Nc3 a6 13. f4 g6 14. Bd2 h5 15. Be1 Be7 16. a4 Nh6 17. a5 Qd8 18. Bf2 Bc6 19. Bb6 Qd7 20. Rf3 Rc8 21. Rh3 Kf8 22. Rf1 Kg7 23. Bd4 Nf5 24. Bxf5 gxf5 25. Rxh5 Rxh5 26. Qxh5 Rh8 27. Qxf5 exf5 28. e6+ f6 29. exd7 Rd8 30. Re1 Rxd7 31. Re3 Bb4 32. Re6 Be7 33. Ne2 Kf7 34. Re3 Bb4 35. Bc3 Re7 36. Rxe7+ Bxe7 37. Nd4 Kg6 38. Kg1 Bd6 39. Ne2 Bb5 40. Nd4 Bxf4 41. g3 Be3+ 42. Kg2 f4 43. Kf3 fxg3 44. hxg3 Bh6 45. Ne6 Bc6 46. Nf4+ Kf7 47. Ke3 f5 48. Kd4 Bg7+ 49. Kc5 Bf8+ 50. Kd4 Bd6 51. Be1 1/2-1/2

[Event "Foxwoods op 05th"]
[Site "Connecticut"]
[Date "2003.04.19"]
[Round "5"]
[White "Paschall, William M"]
[Black "Zimbeck, David"]
[Result "1-0"]
[WhiteElo "2429"]
[BlackElo "2132"]
[PlyCount "57"]
[EventDate "2003.04.17"]
[EventType "swiss"]
[EventRounds "7"]
[EventCountry "USA"]
[SourceTitle "CBM 093 Extra"]
[Source "ChessBase"]
[SourceDate "2003.05.09"]
[SourceVersion "1"]
[SourceVersionDate "2003.05.09"]
[SourceQuality "1"]

1. g3 e5 2. c4 Nc6 3. Bg2 Bc5 4. Nc3 Nf6 5. e3 h5 6. h3 Qe7 7. a3 a5 8. Nge2 d6 9. Qc2 Be6 10. Nd5 Qd7 11. b3 Bxd5 12. cxd5 Ne7 13. Qd3 0-0 14. Bb2 Rfe8 15. Rc1 Ng6 16. Qc2 Qe7 17. d4 Bb6 18. dxe5 dxe5 19. 0-0 Qd7 20. Rfd1 Re7 21. Nc3 e4 22. Nxe4 Nxe4 23. Bxe4 Rae8 24. Bxg6 Bxe3 25. Bh7+ Kh8 26. Bf5 Qd6 27. fxe3 Rxe3 28. Kh1 Rg8 29. Qxc7 1-0

[Event "Foxwoods op 05th"]
[Site "Connecticut"]
[Date "2003.04.17"]
[Round "1"]
[White "Karklins, Andrew"]
[Black "Zimbeck, David"]
[Result "0-1"]
[WhiteElo "2287"]
[BlackElo "2132"]
[PlyCount "118"]
[EventDate "2003.04.17"]
[EventType "swiss"]
[EventRounds "7"]
[EventCountry "USA"]
[SourceTitle "CBM 093 Extra"]
[Source "ChessBase"]
[SourceDate "2003.05.09"]
[SourceVersion "1"]
[SourceVersionDate "2003.05.09"]
[SourceQuality "1"]

1. e4 d5 2. exd5 Nf6 3. Bb5+ Bd7 4. Qe2 Nxd5 5. d4 e6 6. Nf3 Bd6 7. 0-0 0-0 8. Bxd7 Nxd7 9. c4 N5f6 10. Nc3 c6 11. Rd1 Re8 12. Ne5 h6 13. Bf4 Qe7 14. Rd3 Rad8 15. Rad1 Bb8 16. h3 Nxe5 17. dxe5 Nh7 18. Ne4 Nf8 19. Nd6 Bxd6 20. exd6 Qf6 21. Be5 Qf5 22. Rf3 Qh7 23. Ra3 a6 24. Rg3 Ng6 25. d7 Re7 26. h4 Rexd7 27. Rxd7 Rxd7 28. Bc3 Kf8 29. h5 Nf4 30. Qe5 Qf5 31. Qxf5 Ne2+ 32. Kh2 exf5 33. Bb4+ Kg8 34. Re3 Nf4 35. Re5 Nd3 36. Re8+ Kh7 37. Bc3 Nxf2 38. Kg3 Ne4+ 39. Kf4 Nxc3 40. bxc3 g6 41. Ke5 Kg7 42. Rb8 Re7+ 43. Kd6 Kf6 44. c5 f4 45. Rh8 Re6+ 46. Kc7 Re7+ 47. Kd6 Re2 48. hxg6 fxg6 49. Rf8+ Kg5 50. Rf7 Rb2 51. Ke5 h5 52. a4 a5 53. Ke4 h4 54. Ke5 Rb3 55. c4 Rb2 56. Ke4 Rb4 57. Kd4 Kg4 58. Rg7 g5 59. Kc3 Rb1 0-1